Music Quiz

Random Music or Actress Quiz

Acting Musicians Quiz Stats

 Plays Quiz Updated Mar 27, 2016

Also try: Musician by Statue
Challenge
Share
Tweet
Score 0/24 Timer 07:00
11 Plays Today
% Correct
Britney Spears
94%
Cher
91.6%
Lady Gaga
90%
Elvis Presley
88.6%
Adam Levine and Sheryl Crow
81.3%
Fergie
74.2%
Ice-T
72.1%
John Lennon
68%
Johnny Cash
68%
Gwen Stefani
66.4%
Sean Combs
65.7%
Keith Richards
60.4%
% Correct
LL Cool J
57.7%
Kelly Clarkson and Reba McEntire
55.9%
David Bowie
51.1%
Bob Dylan
47.6%
Cyndi Lauper
47.1%
Frank Sinatra
46.8%
Dean Martin
38.9%
Roger Daltrey
25.5%
Katy Perry
21%
Burl Ives
19.7%
Glenn Frey
19%
Steven Van Zandt
18.9%

You're not logged in!

Compare scores with friends on all Sporcle quizzes.
OR
Log In

You Might Also Like...

Show Comments

Extras

Top Quizzes Today


Score Distribution

Your Account Isn't Verified!

In order to create a playlist on Sporcle, you need to verify the email address you used during registration. Go to your Sporcle Settings to finish the process.

Report this User

Report this user for behavior that violates our Community Guidelines.

Details: